| 000 | 00762nam a2200229 a 4500 | ||
|---|---|---|---|
| 005 | 20240920064456.0 | ||
| 008 | 030327s2000 mx r 000 0 spa d | ||
| 020 | _a8480194499 | ||
| 035 | _aUPN01000123330 | ||
| 049 | _aCG | ||
| 050 | 4 |
_aGV341 _bS4.5 |
|
| 100 | 1 | _aSerrabona Mas, Manel | |
| 245 | 1 | 0 |
_a1001 ejercicios y juegos de calentamiento / _cManel Serrabona Mas, Juan A. Andueza Azcona, Rubén Sancho Olivera ; il. Enrique Jiménez Romero. |
| 260 |
_aBarcelona, Esp. : _bPaidotribo, _c2000. |
||
| 300 |
_a329 p. : _bil., tabls. |
||
| 440 | 0 | _aDeporte | |
| 650 | 4 |
_aEducación física _912884 |
|
| 700 | 1 |
_aAndueza Azcona, Juan A., _ecoaut. |
|
| 700 | 1 |
_aSancho Olivera, Rubén, _ecoaut. |
|
| 700 | 1 |
_aJiménez Romero, Enrique, _eil. |
|
| 905 | _aLibro | ||
| 999 |
_c95511 _d95511 |
||